Normal view
MARC view
Entry Personal Name
001 - CONTROL NUMBER
- control field: 56012
003 - CONTROL NUMBER IDENTIFIER
- control field: dpl
005 - DATE AND TIME OF LATEST TRANSACTION
- control field: 20230906115631.0
008 - FIXED-LENGTH DATA ELEMENTS
- fixed length control field: 230906|| aca||aabn | a|a d
040 ## - CATALOGING SOURCE
- Original cataloging agency: dpl
- Transcribing agency: dpl
100 ## - HEADING--PERSONAL NAME
- Personal name: शर्मा, गंगा प्रसाद
670 ## - SOURCE DATA FOUND
- Source citation: Work cat.: (dpl)197888: सिंदबाद जहाजी तथा अन्य रोचक कहानियाँ /, 2017
